Loading…

Bach Perspectives, Volume 10 : Bach and the Organ /

A publication of the American Bach Society, Bach Perspectives pioneers new areas of research into the life, times, and music of the master composer. In Volume 10 of the series, Matthew Dirst edits a collection of groundbreaking essays exploring various aspects of Bach's organ-related activities...

Full description

Bibliographic Details
Other Authors: Dirst, Matthew
Format: Electronic eBook
Language:Inglés
Published: Urbana : University of Illinois Press, [2016]
Series:Book collections on Project MUSE.
Subjects:
Online Access:Texto completo

MARC

LEADER 00000cam a22000004a 4500
001 musev2_45360
003 MdBmJHUP
005 20230905044737.0
006 m o d
007 cr||||||||nn|n
008 151105s2016 ilu o 00 0 eng d
010 |z  2015042372 
020 |a 9780252098413 
020 |z 9780252040191 
035 |a (OCoLC)928136805 
040 |a MdBmJHUP  |c MdBmJHUP 
245 0 0 |a Bach Perspectives, Volume 10 :   |b Bach and the Organ /   |c edited by Matthew Dirst. 
264 1 |a Urbana :  |b University of Illinois Press,  |c [2016] 
264 3 |a Baltimore, Md. :  |b Project MUSE,   |c 2016 
264 4 |c ©[2016] 
300 |a 1 online resource (152 pages). 
336 |a text  |b txt  |2 rdacontent 
337 |a computer  |b c  |2 rdamedia 
338 |a online resource  |b cr  |2 rdacarrier 
490 0 |a Bach perspectives ;  |v volume 10 
505 0 |a Bach's report on Johann Scheibe's organ for St. Paul's Church, Leipzig : a reassessment / by Lynn Edwards Butler -- Bach's Choral-Buch? : the significance of a manuscript in the Sibley Library / by Robin A. Leaver -- Miscellaneous organ trios from Bach's Leipzig workshop / by George B. Stauffer -- Did J.S. Bach write organ concertos? : apropos the prehistory of cantata movements with obbligato organ / by Christoph Wolff -- The choir loft as chamber : concerted movements by Bach from the mid- to late 1720s / by Gregory Butler -- Music from Heaven : an eighteenth-century context for cantatas with obbligato organ / by Matthew Cron. 
520 |a A publication of the American Bach Society, Bach Perspectives pioneers new areas of research into the life, times, and music of the master composer. In Volume 10 of the series, Matthew Dirst edits a collection of groundbreaking essays exploring various aspects of Bach's organ-related activities. Lynn Edwards Butler reconsiders Bach's report on Johann Scheibe's organ at St. Paul's Church in Leipzig. Robin Leaver clarifies the likely provenance and purpose of a collection of chorale harmonizations copied in Dresden. George Stauffer investigates the ways various independent trio movements served Bach as an artist and teacher. In separate contributions, Christoph Wolff and Gregory Butler seek the origins of concerted Bach cantata movements spotlighting the organ and propose family trees of both parent works and offspring. Finally, Matthew Cron provides a broad cultural frame for such pieces and notes how their components engage in a larger discourse about the German Baroque organ's intimation of heaven [Publisher description]. 
588 |a Description based on print version record. 
600 1 7 |a Bach, Johann Sebastian,  |d 1685-1750.  |2 fast  |0 (OCoLC)fst00031701 
600 1 0 |a Bach, Johann Sebastian,  |d 1685-1750  |x Criticism and interpretation. 
650 7 |a Organ (Musical instrument)  |2 fast  |0 (OCoLC)fst01047572 
650 7 |a MUSIC  |x Printed Music  |x Percussion.  |2 bisacsh 
650 7 |a MUSIC  |x Musical Instruments  |x Piano & Keyboard.  |2 bisacsh 
650 6 |a Orgue  |x Histoire  |y 18e siecle. 
650 0 |a Organ (Musical instrument)  |x History  |y 18th century. 
655 7 |a History.  |2 fast  |0 (OCoLC)fst01411628 
655 7 |a Criticism, interpretation, etc.  |2 fast  |0 (OCoLC)fst01411635 
655 7 |a Electronic books.   |2 local 
700 1 |a Dirst, Matthew. 
710 2 |a Project Muse.  |e distributor 
830 0 |a Book collections on Project MUSE. 
856 4 0 |z Texto completo  |u https://projectmuse.uam.elogim.com/book/45360/ 
945 |a Project MUSE - Custom Collection 
945 |a Project MUSE - 2016 Complete 
945 |a Project MUSE - 2016 Film, Theater and Performing Arts